000 01038nac a22003017a 4500
001 BR8707114
003 BR-BrBNA
005 20240105120622.0
008 230509b bl.|||m| |||| 00| 0 por d
040 _aBR-BrBNA
_bpor
_cBiblioteca Nacional de Agricultura
072 _aH20
090 _a0332 BR8707114
100 1 _aLasca, D.H. de C.
110 1 _aCoordenadoria de Assistencia Tecnica Integral, Campinas, SP (Brasil)
245 1 _aControle das doencas da folhagem do amendoim [Arachis hypogaea, pinta preta, verrugose, mancha barrenta]
246 1 _a[Controll of diseases of the foliage of Arachis hypogaea]
260 3 _aCampinas, SP (Brasil):
_c1986.
300 _a5 p.
490 _aInstrucoes Praticas - Coordenadoria de Assistencia Tecnica Integral (Brazil)
_vno. 235
_xISSN 0100-5111
650 _aAMENDOIM
650 _aPINTA PRETA
650 _aVERRUGOSE
650 _aMANCHA BARRENTA
650 _aFUNGICIDA
650 _aFOLHA
909 _a202312
_bLúcia Elande
_c55
_dLúcia Elande
942 _2AGRIS
_n0
_cMS
999 _c280497
_d280497